Caro amico, ti scrivo dalla tv (Record n. 77388)
[ formato base ]
| 000 -LEADER | |
|---|---|
| fixed length control field | 01309nam a2200289Ia 4500 |
| 001 - CONTROL NUMBER | |
| control field | K0398 |
| 003 - CONTROL NUMBER IDENTIFIER | |
| control field | IT-RoPAU |
| 008 - FIXED-LENGTH DATA ELEMENTS--GENERAL INFORMATION | |
| fixed length control field | 130308s9999 xx 000 0 und d |
| 040 ## - CATALOGING SOURCE | |
| Original cataloging agency | IT-RoPAU |
| 040 ## - CATALOGING SOURCE | |
| Transcribing agency | IT-RoPAU |
| 041 ## - LANGUAGE CODE | |
| Language code of text/sound track or separate title | ITALIANO |
| 100 ## - MAIN ENTRY--PERSONAL NAME | |
| Personal name | Scianò Federico |
| 100 ## - MAIN ENTRY--PERSONAL NAME | |
| Miscellaneous information | Codice Aut. SPICS: 14725 |
| 245 ## - TITLE STATEMENT | |
| Title | Caro amico, ti scrivo dalla tv |
| 245 ## - TITLE STATEMENT | |
| Remainder of title | Caro Amico, Ti Scrivo Dalla tv |
| 250 ## - EDITION STATEMENT | |
| Edition statement | 1a ed. |
| 260 ## - PUBLICATION, DISTRIBUTION, ETC. (IMPRINT) | |
| Place of publication, distribution, etc. | MILANO |
| 260 ## - PUBLICATION, DISTRIBUTION, ETC. (IMPRINT) | |
| Name of publisher, distributor, etc. | Paoline Editoriale Libri |
| 260 ## - PUBLICATION, DISTRIBUTION, ETC. (IMPRINT) | |
| Date of publication, distribution, etc. | 1996 [1° Ed.:1996 - Ed.Ling.Originale:1996] |
| 300 ## - PHYSICAL DESCRIPTION | |
| Extent | "152 p. (prefazione: no ; testo: 152 [pagine: 0-0])" |
| 500 ## - GENERAL NOTE | |
| General note | Per Convivere con tv di J. Jacobelli. Tu e Tv. Asini. Finzione. Alle Spalle. Un Confine. Atomica. tante Cose. Guerra. Spettacolo. Giustizia. Un Compromesso. quinto Potere. Etica. Regole. Democrazia. Caso Italiano. Una Lezione. Bambini. Consumatori. Diritti. Informazione. Oggettività. Secondo Grado. tv Pubblica. Un Linguaggio. Un Omicidio. Un Dialogo. Infinito. Ignoto. mini Tv. Proposta. Paure. |
| 650 ## - SUBJECT ADDED ENTRY--TOPICAL TERM | |
| Topical term or geographic name as entry element | SAGGI SULLA TELEVISIONE |
| 650 ## - SUBJECT ADDED ENTRY--TOPICAL TERM | |
| Relator term | Codice materia Spics: 6961 |
| 942 ## - ADDED ENTRY ELEMENTS (KOHA) | |
| Koha item type | LIBRO |
| 957 ## - | |
| -- | 1 |
| 999 ## - SYSTEM CONTROL NUMBERS (KOHA) | |
| -- | 1 |
| Withdrawn status | Lost status | Damaged status | Not for loan | Home library | Current library | Date acquired | Total Checkouts | Full call number | Date last seen | Price effective from | Koha item type | Public note |
|---|---|---|---|---|---|---|---|---|---|---|---|---|
| Buone Condizioni | Not For Loan | SPICS-MEDIATECA | SPICS-MEDIATECA | 08/03/2013 | K0398 | 08/03/2013 | 08/03/2013 | LIBRO | Progressivo inserimento: 45314 / N. Volumi: 1 Copie: 1 / data import: 1 marzo 2013 - By Epidotti, Trombetti, Vaglietti. |